000 00716pam a2200229 a 4500
001 4904336
005 20180302070422.0
008 940121s1995 nju b 001 0 eng
010 _a 94000272
020 _a0023480114 (pbk.)
040 _aDLC
_cDLC
_dDLC
041 _aeng
080 _a371.3028
082 0 0 _a371.3028 GRO
_220
100 1 _a25
101 _aEDU
245 1 0 _aHow to write and use instructional objectives /
_cNorman E. Gronlund.
504 _aIncludes bibliographical references (p. 115-116) and index.
906 _a7
_bcbc
_corignew
_d1
_eocip
_f19
_gy-gencatlg
942 _2ddc
_cBK
999 _c44024
_d44024